LEADER 01108nam0-22003851i-450- 001 990003221590403321 010 $a0-19-828189-7 035 $a000322159 035 $aFED01000322159 035 $a(Aleph)000322159FED01 035 $a000322159 100 $a20000920d1979----km-y0itay50------ba 101 0 $aeng 102 $aIT 200 1 $a<>Theory of Moral Sentiments$fAdam Smith$gedited by D.D. Raphael and A.L. Macfie. 205 $areprinted. 210 $aOxford$cClarendon Press$d1979. 215 $aX, 412 p.$d24 cm 225 1 $a<>Glasgow Edition of the Works and Correspondence of Adam Smith$v1 676 $aD/3.2 676 $aD/3.21 676 $aD/3.22 676 $aD/3.24 676 $aD/3.25 702 1$aMacfie,$bAlec Lawrence$f<1898-1980> 702 1$aRaphael,$bDavid Daiches$f<1916- > 702 1$aSmith,$bAdam$f<1723-1790> 801 0$aIT$bUNINA$gRICA$2UNIMARC 901 $aBK 912 $a990003221590403321 952 $aA/7.0 SMI$b11284/I$fSES 959 $aSES 996 $aTheory of Moral Sentiments$9454885 997 $aUNINA DB $aING01 LEADER 00981nam0-22003611i-450- 001 990003042110403321 005 20120411125823.0 010 $a0-89838-195-9 035 $a000304211 035 $aFED01000304211 035 $a(Aleph)000304211FED01 035 $a000304211 100 $a20030910d1987----km-y0itay50------ba 101 0 $aeng 102 $aIT 200 1 $aCurrency substitution$etheory and evidence from Latin America$fVictor A.Canto, Gerald Nickelsburg. 210 $aBoston$cKluwer Academic$d\copyr.\\1987. 215 $aVIII, 196 p.$d22 cm 676 $aB/3.2 676 $aF/1.21 676 $aJ/5 676 $aO/2.111 702 1$aCanto,$bVictor A. 702 1$aNickelsburg,$bGerald 801 0$aIT$bUNINA$gRICA$2UNIMARC 901 $aBK 912 $a990003042110403321 952 $aISVE F1-F4.8$b4865$fDECTS 952 $aO/2111 CAN$b7103$fSES 959 $aDECTS 959 $aSES 996 $aCurrency substitution$9463200 997 $aUNINA LEADER 01187nam0 22002651i 450 001 SUN0011852 005 20091123120000.0 100 $a20030128d1981 |0itac50 ba 101 $aita 102 $aIT 105 $a|||| ||||| 200 1 $aˆIl ‰fenomeno associativo nel mondo romano$edai collegi della Repubblica alle corporazioni del basso impero$fFrancesco M. De Robertis 210 $aRoma$cL'erma di Bretschneider$d1981 215 $aXI, 262 p.$d24 cm. 410 1$1001SUN0011800$12001 $aStudia historica$v126$1210 $aRoma$cL'erma di Bretschneider. 606 $aAssociazioni$xDiritto romano$2FI$3SUNC006379 620 $dRoma$3SUNL000360 700 1$aDe Robertis$b, Francesco Maria$3SUNV008847$0187089 712 $aL'erma di Bretschneider$3SUNV000353$4650 801 $aIT$bSOL$c20181109$gRICA 912 $aSUN0011852 950 $aUFFICIO DI BIBLIOTECA DEL DIPARTIMENTO DI GIURISPRUDENZA$d00 CONS XVIII.Elb.5 $e00 22002 995 $aUFFICIO DI BIBLIOTECA DEL DIPARTIMENTO DI GIURISPRUDENZA$h22002$kCONS XVIII.Elb.5$op$qa 996 $aFenomeno associativo nel mondo romano$9521157 997 $aUNICAMPANIA